Statistics for Subdivisions Bordering Mongolia (with a Map)

Click here to take the quiz!

General Stats

  • This quiz has been taken 84 times
  • The average score is 5 of 7

Answers on the Map

Answers color-coded by a green-red scale on the quiz's map according to % correct below.
 

Answer Stats

Answer% Correct
Inner Mongolia Autonomous Region
97%
Xinjiang Uyghur Autonomous Region
81%
Tuva Republic
68%
Republic of Buryatia
60%
Gansu Province
57%
Altai Republic
54%
Zabaykalsky Krai
40%

Score Distribution

Percentile by Number Answered

Percent of People with Each Score

Your Score History

You have not taken this quiz